LEADER 01010nam a2200241 i 4500 001 000000039522 003 CaOOAMICUS 005 20121003000000.0 008 121003s1967 it u000 u ita u 013 $a10259 040 $aSeMil$bita 100 1 $aValugani, Pasquale .$0(OLS)http://semarc/name/19188 245 10$aCermenate e i francescani :$bnote storiche /$cPasquale Valugani, Anacleto Mosconi. 260 $aCermenate :$b[s.n.],$c1967. 300 $a109 p. :$bill. ;$c25 cm. 650 4$aCermenate.$0(OLS)http://semarc/subject/8179 650 4$aFrancescanesimo - Lombardia.$0(OLS)http://semarc/subject/35712 700 1 $aMosconi, Anacleto,$c.$0(OLS)http://semarc/name/18644 850 $aSeMil 852 $aSeMil$W1$xVenegono$y1$m3P V 190$j5677$B5677$CSeMilBibl$Z2$F5677 $81 961 $aOmaggio: Donazione 996 $6245$aCermenate e i francescani :$bnote storiche$9(OLS)http://semarc/title/56329 996 $6260$aCermenate :$b[s.n.]$9(OLS)http://semarc/publisher/40062 LEADER 01209nam a2200229 i 4500 001 000000048654 003 CaOOAMICUS 005 20160721000000.0 008 160721s1832 it u000 u ita u 013 $a19824 040 $aSeMil$bita 100 0 $aGregorius XVI,$c.$0(OLS)http://semarc/name/355 245 13$aIl trionfo della Santa Sede e della Chiesa contro gli assalti dei novatori combattuti e respinti colle stesse loro armi /$copera di d. Mauro Cappellari ora Gregorio 16. sommo pontefice. 260 $aIn Venezia :$bNella casa del tipografo editore Giuseppe Battaggia,$c1832. 300 $aXXXII, 334 p., [2] c. di tav. :$bill., ritr. ;$c34 cm. 650 4$aPapa - Infallibilitą.$0(OLS)http://semarc/subject/9211 850 $aSeMil 852 $aSeMil$W1$xVenegono$y1$m2H IX 1 FA$j14809$B14809$CSeMilBibl$Z2$F14809 $8I 900 0 $aGregorio XVI,$c. 996 $6245$aIl trionfo della Santa Sede e della Chiesa contro gli assalti dei novatori combattuti e respinti colle stesse loro armi$9(OLS)http://semarc/title/73653 996 $6260$aIn Venezia :$bNella casa del tipografo editore Giuseppe Battaggia$9(OLS)http://semarc/publisher/41048